|
|
|
|
| LEADER |
02250nam a2200589 a 4500 |
| 001 |
nkc20142564469 |
| 003 |
CZ PrNK |
| 005 |
20140318090308.0 |
| 007 |
ta |
| 008 |
140218s2014 xr a j f 001 f cze |
| 015 |
|
|
|a cnb002564469
|
| 020 |
|
|
|a 978-80-7370-239-7
|q (váz.)
|
| 035 |
|
|
|a (OCoLC)876341897
|
| 040 |
|
|
|a ABA001
|b cze
|
| 041 |
1 |
|
|a cze
|h eng
|
| 072 |
|
7 |
|a 22/24
|x Náboženství Dálného východu. Indická náboženství. Hinduismus. Buddhismus
|2 Konspekt
|9 5
|
| 072 |
|
7 |
|a 0/9-053.2
|x Literatura pro děti a mládež (naučná)
|2 Konspekt
|9 26
|
| 080 |
|
|
|a 24-1/-9
|2 MRF
|
| 080 |
|
|
|a 24-285.5
|2 MRF
|
| 080 |
|
|
|a 24-583
|2 MRF
|
| 080 |
|
|
|a 159.923.5
|2 MRF
|
| 080 |
|
|
|a (0:82-34)
|2 MRF
|
| 080 |
|
|
|a (035)
|2 MRF
|
| 080 |
|
|
|a (0.053.2)
|2 MRF
|
| 100 |
1 |
|
|a Nagaraja, Dharmachari
|7 xx0126292
|4 aut
|
| 245 |
1 |
0 |
|a Pohádky pro malé Buddhy na dobrou noc :
|b příběhy laskavosti a porozumění, které potěší a inspirují vás i vaše děti /
|c Dharmachari Nagaraja ; [ilustrace Sharon Tancredi ; z anglického originálu ... přeložila Lucie Moučková]
|
| 246 |
1 |
|
|i Název na rubu tit. s.:
|a Pohádky pro malé Buddhy
|
| 250 |
|
|
|a Vyd. 1.
|
| 260 |
|
|
|a [Praha] :
|b Synergie,
|c c2014
|
| 300 |
|
|
|a 128 s. :
|b barev. il. ;
|c 25 cm
|
| 500 |
|
|
|a Obsahuje rejstřík
|
| 650 |
0 |
7 |
|a učení buddhismu
|7 ph162902
|2 czenas
|
| 650 |
0 |
7 |
|a osmidílná cesta
|7 ph188891
|2 czenas
|
| 650 |
0 |
7 |
|a buddhistická meditace
|7 ph184262
|2 czenas
|
| 650 |
0 |
7 |
|a rozvoj osobnosti
|7 ph194683
|2 czenas
|
| 650 |
0 |
9 |
|a Buddhist doctrine
|2 eczenas
|
| 650 |
0 |
9 |
|a Eightfold Path
|2 eczenas
|
| 650 |
0 |
9 |
|a Buddhist meditation
|2 eczenas
|
| 650 |
0 |
9 |
|a personality development
|2 eczenas
|
| 655 |
|
7 |
|a pohádky
|7 fd133054
|2 czenas
|
| 655 |
|
7 |
|a příručky
|7 fd133209
|2 czenas
|
| 655 |
|
7 |
|a publikace pro děti
|7 fd133156
|2 czenas
|
| 655 |
|
9 |
|a fairy tales
|2 eczenas
|
| 655 |
|
9 |
|a handbooks and manuals
|2 eczenas
|
| 655 |
|
9 |
|a children's literature
|2 eczenas
|
| 700 |
1 |
|
|a Tancredi, Sharon
|7 xx0126294
|4 ill
|
| 765 |
0 |
|
|t Buddha's apprentice at bedtime
|9 Česky
|
| 910 |
2 |
|
|a BOA001
|b 2-1322.086
|
| 990 |
|
|
|a BK
|
| 995 |
|
|
|a 01
|
| 991 |
|
|
|b 201402
|e db
|
| 996 |
6 |
|
|b 2610581560
|c 2-1322.086
|l MZK
|r Sklad / do 1 hodiny
|n 1
|p p.v.
|w 001401731
|u 000010
|a 1
|e BOA001
|j MZK50
|s P
|